Anthony Bourdain: No Reservations Quiz Stats

 Plays Quiz Updated Jun 8, 2018

Challenge
Share
Tweet
Embed
Score 0/121 Timer 06:00
0 Plays Today
Season Country % Correct
Season 2China / Japan
97.3%
Season 5United States / Portugal
96.4%
Season 2United States
96.2%
Season 6United States
96.1%
Season 9United States
96.1%
Season 9United States
96.1%
Season 8United States
96.1%
Season 7United States
96.1%
Season 7United States
96.1%
Season 7United States
96.1%
Season 7United States
96.1%
Season 1United States
96%
Season 1United States
96%
Season 2United States
96%
Season 2United States
96%
Season 3United States
96%
Season 3United States
96%
Season 3United States
96%
Season 3United States
96%
Season 3United States
96%
Season 4United States
96%
Season 4United States
96%
Season 4United States
96%
Season 4United States
96%
Season 5United States
96%
Season 5United States
96%
Season 5United States
96%
Season 5United States
96%
Season 5United States
96%
Season 5United States
96%
Season 5United States
96%
Season 6United States
96%
Season 6United States
96%
Season 9France
95.5%
Season 6France
95.5%
Season 3France
95.4%
Season 1France
95.4%
Season 6France
95.4%
Season 6France
95.4%
Season 8Mexico
94.8%
Season 3China
94.7%
Season Country % Correct
Season 5Mexico
94.7%
Season 3China
94.4%
Season 6China
94.4%
Season 7Macau
94.2%
Season 2Canada
93.7%
Season 4Canada
93.7%
Season 6Italy
93.6%
Season 9Italy
93.6%
Season 7Italy
93.6%
Season 1Italy
93.4%
Season 3Italy
93.4%
Season 5Italy
93.4%
Season 5Italy
93.4%
Season 4United Kingdom
93.4%
Season 3Russia
93.1%
Season 2Japan
92.8%
Season 4Japan
92.8%
Season 9Brazil
92.6%
Season 7Brazil
92.6%
Season 8Japan
92.6%
Season 7Japan
92.6%
Season 3Brazil
92.4%
Season 4Spain
91.7%
Season 7Spain
91.6%
Season 6Spain
91.6%
Season 4Germany
91.6%
Season 7Iraq / Turkey
87.7%
Season 3Argentina
86.7%
Season 5Australia
86.7%
Season 9Australia
86.6%
Season 2India
86.6%
Season 2India
86.6%
Season 6India
86.4%
Season 2Sweden
85.2%
Season 8Portugal
83.7%
Season 4Egypt
83.1%
Season 1Vietnam
81%
Season 5Vietnam
81%
Season 6Vietnam
81%
Season 5Chile
80%
Season 3Ireland
79.3%
Season Country % Correct
Season 6Turkey
79%
Season 4Greece
78.1%
Season 1New Zealand
77.7%
Season 2Peru
77.6%
Season 2South Korea
76.8%
Season 8Finland
74.6%
Season 5Thailand
74.5%
Season 7Cuba
73.4%
Season 4Colombia
72.8%
Season 1Iceland
69.1%
Season 7Austria
68.6%
Season 2Indonesia
65.6%
Season 7Cambodia
64.9%
Season 4Laos
64.7%
Season 4Jamaica
62.7%
Season 6Panama
61.6%
Season 5Philippines
58.8%
Season 6Czechia
58.7%
Season 7Ukraine
57.3%
Season 4Saudi Arabia
56.2%
Season 4Uruguay
55.8%
Season 7Haiti
55%
Season 1Malaysia
53.2%
Season 6Ecuador
52.7%
Season 8Malaysia
52.1%
Season 4Romania
51.2%
Season 4Singapore
49.4%
Season 9Dominican Republic
48.6%
Season 8Croatia
43.9%
Season 6Lebanon
43.3%
Season 6United Arab Emirates
41.1%
Season 7Nicaragua
38.7%
Season 5Sri Lanka
37.1%
Season 3Ghana
33.1%
Season 1Uzbekistan
19.6%
Season 3Namibia
18.2%
Season 6Liberia
13.9%
Season 8Mozambique
13%
Season 6St. Vincent-Grenadines
7%

You're not logged in!

Compare scores with friends on all Sporcle quizzes.
Join for Free
OR
Log In

You Might Also Like...

Show Comments

Extras

Top Quizzes Today


Score Distribution

Your Account Isn't Verified!

In order to create a playlist on Sporcle, you need to verify the email address you used during registration. Go to your Sporcle Settings to finish the process.

Report this User

Report this user for behavior that violates our Community Guidelines.

Details: